000 01096nam a2200301 i 4500
001 182093
003 ES-MaACL
005 20250821063114.0
007 t|
008 130603s2013 sp ||||1| spa d
020 _a978-84-7914-977-2
080 _a929 Jerónimo, Santo
100 0 _aJerónimo,
_cSanto
_966343
245 1 0 _aEpistolario.
_nI,
_p(Cartas 1-85**) /
_cSan Jerónimo ; introuducciones, traducción y notas por Juan Bautista Valero.
250 _aEd. bilingüe.
260 _aMadrid :
_bBiblioteca de Autores Cristianos,
_c2013.
300 _aXCIII, 991 p. ;
_c20 cm.
490 1 _aBiblioteca de autores cristianos ;
_v710
490 1 _aObras completas de San Jerónimo ;
_vXa
504 _aBibliografía.Índice.
546 _aTexto latino y traducción al español.
600 0 4 _aJerónimo,
_cSanto-
_vCorrespondencia
_966342
700 1 _aValero, Juan Bautista.
_9112657
830 0 0 _aBiblioteca de autores cristianos
_v710
_9178679
830 0 _aObras completas de San Jerónimo ;
_vXa
_9183043
852 _aES-MaACL
_jJ-698
999 _c182093
_d182093